| 000 | 00908cam a2200217 4500 | ||
|---|---|---|---|
| 001 | WB3721-25 | ||
| 008 | 000000n2001 000 0 eng u | ||
| 035 | _a(Sirsi) u112880 | ||
| 245 | _aBrownfield shortage fuels values | ||
| 260 | _c2001 | ||
| 490 |
_aEstates Gazette _v(0121) 26 May 2001, 46(1) |
||
| 520 | _aValuation Office Agency Research finds that residential land values have continued to soar in England and Wales caused by a lack of brownfield sites. Housing development in existing centres and near to public transport nodes has created greater development density. Table of residential building land by government office region. | ||
| 590 | _aWB | ||
| 650 | _aBROWNFIELD SITES | ||
| 650 | _aVALUATION OFFICE AGENCY | ||
| 650 | _aRESIDENTIAL BUILDING LAND | ||
| 650 | _aLAND PRICES | ||
| 650 | _aPUBLIC TRANSPORT | ||
| 690 | _aPROPERTY-PROPERTY APPRAISAL AND VALUATION | ||
| 942 | _n0 | ||
| 999 |
_c67197 _d67197 |
||